[Event "Bundesliga 9899"]
[Site "Germany"]
[Date "1998.11.21"]
[Round "3.1"]
[White "Lerner, Konstantin Z"]
[Black "Rogers, Ian"]
[Result "1-0"]
[WhiteElo "2575"]
[BlackElo "2570"]

1.Nf3 Nf6 2.c4 e6 3.Nc3 d5 4.d4 c6 5.e3 Nbd7 6.Bd3 dxc4 7.Bxc4 b5 8.Bd3 Bb7
9.a3 a6 10.b4 a5 11.Rb1 axb4 12.axb4 Nd5 13.Nxd5 exd5 14.O-O Be7 15.Qc2 Nf6
16.Ne5 Ra6 17.Bd2 O-O 18.Ra1 Rxa1 19.Rxa1 Qb6 20.Bf5 Ra8 21.Rxa8+ Bxa8 22.Qa2 Bb7
23.f3 g6 24.Bh3 Kg7 25.Nd3 Qa6 26.Qxa6 Bxa6 27.Be1 Bb7 28.Bg3 Kf8 29.Kf2 Ke8
30.Nc5 Bxc5 31.dxc5 Ng8 32.Bd6 Kd8 33.g4 Bc8 34.Bf1 f6 35.h4 Ke8 36.Bd3 Kf7
37.Kg3 Nh6 38.Kf4 Kg7 39.Be7 Nf7 40.g5 fxg5+ 41.hxg5 h6 42.Bf6+ Kh7 43.e4 Be6
44.gxh6 dxe4 45.Bxe4 Bd7 46.Bg5 Be8 47.Bc2 Bd7 48.Bb3 Be8 49.Be6 Kg8 50.Kg3 Kh7
51.f4 Kh8 52.Kg4 Kh7 53.f5  1-0

[Event "ITA-ch"]
[Site "Saint Vincent"]
[Date "1998.11.21"]
[Round "1"]
[White "Arlandi, Ennio"]
[Black "Borgo, Giulio"]
[Result "0-1"]
[WhiteElo "2440"]
[BlackElo "2445"]

1.d4 d5 2.c4 e6 3.Nc3 c6 4.e3 Nf6 5.Nf3 Nbd7 6.Qc2 Bd6 7.b3 O-O 8.Be2 Qe7
9.O-O Re8 10.Rd1 b6 11.e4 Nxe4 12.Nxe4 dxe4 13.Qxe4 Bb7 14.Ne5 Nf6 15.Qe3 c5
16.Bb2 Rac8 17.Bf3 Bxf3 18.Qxf3 Bxe5 19.dxe5 Nd7 20.Rd6 Nf8 21.Rad1 Red8
22.g3 Rxd6 23.exd6 Qd7 24.Qg4 e5 25.Qe4 f6 26.a3 a5 27.Bc3 Qf7 28.f4 exf4
29.Qxf4 Nd7 30.Re1 Re8 31.Rxe8+ Qxe8 32.Qf5 Nf8 33.Kf2 Qe6 34.Qd3 Nd7 35.Kg2 h6
36.b4 axb4 37.axb4 cxb4 38.Bxb4 Kf7 39.Qc2 Qe5 40.h4 Qd4 41.Qf5 Ne5 42.Qh5+ g6
43.Qxh6 Qe4+ 44.Kg1 Qb1+ 45.Kg2 Qe4+ 46.Kg1 Qb1+ 47.Kg2 Qxb4 48.Qh7+ Ke6
49.Qg8+ Kf5 50.Qd5 Qc5 51.g4+ Kxg4 52.Qe6+ f5  0-1

[Event "Wch U20 Girls"]
[Site "Calicut"]
[Date "1998.11.22"]
[Round "6"]
[White "Radziewicz, Iweta"]
[Black "Houska, Jovanka"]
[Result "1-0"]
[WhiteElo "2425"]
[BlackElo "2190"]

1.c4 c6 2.d4 d5 3.Nc3 Nf6 4.Nf3 e6 5.e3 Nbd7 6.Qc2 Bd6 7.g4 Bb4 8.Bd2 Bxc3
9.Bxc3 Ne4 10.Bd3 Nxc3 11.Qxc3 dxc4 12.Bxc4 b6 13.g5 Qe7 14.O-O-O Bb7 15.Rhe1 O-O-O
16.e4 Kb8 17.Kb1 h6 18.h4 hxg5 19.Nxg5 Nf6 20.Qg3+ Ka8 21.a3 Rhe8 22.Qf4 Rxd4
23.Rxd4 e5 24.Qd2 exd4 25.Qxd4 c5 26.Qd2 Rd8 27.Qe2 Rd4 28.f3 Nh5 29.Bxf7 Nf4
30.Qb5 Rd2 31.Bc4 Ng2 32.Rh1 Ne3 33.Bf7 Qf6 34.Qe8+ Rd8 35.Qe6 Qd4 36.Qb3 Qd2
37.Qc3 Qf2 38.Bb3 c4 39.Bc2 a6 40.Rc1 Rd2 41.Nh3 Qe2 42.Nf4 Qf2 43.Nd5 Bxd5
44.exd5 Rxc2 45.Rxc2 Nxc2 46.Qxc4 Ne1 47.d6 Qxf3 48.Qxa6+ Kb8 49.Qxb6+ Qb7
50.Qd8+ Qc8 51.Qb6+ Qb7 52.Qd4 Qh1 53.d7 Nd3+ 54.Kc2 Ne1+ 55.Kb1 Nd3+ 56.Kc2 Ne1+
57.Kb3 Qh3+ 58.Ka4  1-0

[Event "Wch U20"]
[Site "Calicut"]
[Date "1998.11.22"]
[Round "6"]
[White "Dias, Paulo"]
[Black "De Wachter, Matthias"]
[Result "1/2-1/2"]
[WhiteElo "2295"]
[BlackElo "2170"]

1.d4 d5 2.c4 c6 3.Nc3 Nf6 4.Nf3 e6 5.e3 Nbd7 6.Qc2 Bd6 7.Be2 O-O 8.O-O Qe7
9.Rd1 b6 10.e4 Nxe4 11.Nxe4 dxe4 12.Qxe4 Bb7 13.Ne5 f5 14.Qe3 Bxe5 15.dxe5 c5
16.Qg3 Nb8 17.Bh5 Nc6 18.Be3 Kh8 19.Rd6 h6 20.Bf3 Na5 21.Rad1 Rad8 22.b3 Bxf3
23.Qxf3 Nb7 24.Rxd8 Rxd8 25.Rxd8+ Nxd8 26.Qd1 Nc6 27.f4 Kg8 28.Kf1 Kf8 29.Ke2 Ke8
30.a3 Qd7 31.Qd3 Qxd3+ 32.Kxd3 Kd7 33.Kc3 a5  1/2-1/2

[Event "Bundesliga 9899"]
[Site "Germany"]
[Date "1998.11.22"]
[Round "4.6"]
[White "Hansen, Curt"]
[Black "Borik, Otto"]
[Result "1-0"]
[WhiteElo "2595"]
[BlackElo "2405"]

1.d4 d5 2.c4 c6 3.Nc3 Nf6 4.e3 e6 5.Nf3 Nbd7 6.Bd3 dxc4 7.Bxc4 b5 8.Bd3 Bd6
9.O-O O-O 10.b3 Bb7 11.Bb2 a6 12.a4 b4 13.Ne4 Nxe4 14.Bxe4 a5 15.Rc1 Rc8
16.Nd2 Ba6 17.Nc4 Bb8 18.g3 c5 19.d5 Bxc4 20.Rxc4 e5 21.Bf5 Bd6 22.f4 Re8
23.Bxh7+ Kxh7 24.Qh5+ Kg8 25.fxe5 g6 26.Rg4 Nxe5 27.Rxf7 Nxf7 28.Qxg6+ Kf8
29.Bg7+  1-0

[Event "Bundesliga 9899"]
[Site "Germany"]
[Date "1998.11.22"]
[Round "4.4"]
[White "Wells, Peter K"]
[Black "Mueller, Karsten"]
[Result "1/2-1/2"]
[WhiteElo "2530"]
[BlackElo "2515"]

1.d4 d5 2.c4 c6 3.Nf3 Nf6 4.Nc3 e6 5.e3 Nbd7 6.Bd3 dxc4 7.Bxc4 b5 8.Bd3 Bb7
9.e4 b4 10.Na4 c5 11.e5 Nd5 12.O-O cxd4 13.Re1 g6 14.Bd2 a6 15.Be4 Be7 16.Bh6 Bf8
17.Qd2 Rb8 18.Rac1 Ne7 19.Nxd4 Qa5 20.Bxf8 Rxf8 21.Bxb7 Rxb7 22.b3 Qd5 23.Qe3 Rb8
24.Nf3 Nf5 25.Qe2 Qb5 26.Qe4 Qb7 27.Qd3 h5 28.Red1 Ke7 29.Qd2 Rfc8 30.Nb2 Nc5
31.Nd4 Ne4 32.Nxf5+ exf5 33.Qf4 Nc3 34.Re1 Qd5 35.Nc4 Qe6 36.h3 Kf8 37.Kh2 Kg7
38.Nd6 Rc5 39.Qd4 Rd5 40.Qf4 a5 41.Re3 Nxa2 42.Rc7 Rf8 43.Re7 Qxe7 44.Nxf5+ gxf5
45.Rg3+ Kh7 46.Qxf5+ Kh6 47.Qf4+ Kh7 48.Qf5+ Kh6 49.Qf4+ Kh7 50.Qf5+ Kh6  1/2-1/2

[Event "Tanta op"]
[Site "Tanta"]
[Date "1998.11.22"]
[Round "6"]
[White "Meged, Elsdayed A"]
[Black "Beshara, Nadi"]
[Result "0-1"]
[WhiteElo "2250"]
[BlackElo "2260"]

1.d4 e6 2.c4 d5 3.Nc3 Nf6 4.Nf3 c6 5.e3 Bd6 6.Bd3 Nbd7 7.O-O dxc4 8.Bxc4 e5
9.e4 O-O 10.Bg5 Re8 11.Bh4 exd4 12.Qxd4 Ne5 13.Rad1 Bg4 14.Be2 Bxf3 15.gxf3 Bc7
16.Qe3 Qc8 17.f4 Ng6 18.Bxf6 Bxf4 19.Qf3 gxf6 20.Kh1 Qc7 21.h4 Nxh4 22.Qg4+ Ng6
23.Rd7 h5 24.Rxc7 hxg4 25.Rxb7 Ne5 26.Bxg4 Kg7 27.Rg1 Rh8+ 28.Kg2 Bh2 29.Be2 Bxg1
30.Kxg1 Rhb8 31.Rxb8 Rxb8 32.b3 Rd8 33.f4 Ng6 34.f5 Ne5 35.Nb1 Rd4 36.Nc3 Rd2
37.Kf1 Rc2 38.Na4 Rxa2 39.Nc5 Rc2 40.Na4 Kh6 41.Ke1 Kg5 42.Kd1 Ra2 43.Nc5 Kf4
44.Bh5 Ke3 45.Kc1 Rh2 46.Bd1 Kd4 47.b4 Kc3 48.Na6 Rh1 49.Nc7  0-1

[Event "Tanta zt"]
[Site "Tanta"]
[Date "1998.11.23"]
[Round "7"]
[White "Mohsen, Khaled"]
[Black "Mohamed, Esam Ahmed Nagib"]
[Result "0-1"]
[WhiteElo "2330"]
[BlackElo "2455"]

1.d4 Nf6 2.c4 c6 3.Nc3 d5 4.e3 e6 5.Nf3 Nbd7 6.Be2 Bd6 7.O-O O-O 8.h3 Ne4
9.Nxe4 dxe4 10.Nd2 f5 11.c5 Bc7 12.b4 a6 13.a4 Qh4 14.f4 Nf6 15.Nc4 Nd5 16.Bd2 g5
17.Ne5 gxf4 18.exf4 Bxe5 19.dxe5 Bd7 20.Kh2 Kh8 21.Bc4 Rg8 22.Be1 Rxg2+ 23.Kxg2 Nxf4+
24.Rxf4 Qxf4 25.Kh1 Rg8 26.Qe2 e3 27.Rd1 Be8 28.Rd8 Qg5 29.Qf1 Qxd8 30.Bxe6 Rf8
31.Qf4 Qd3 32.Qh6 Qf1+ 33.Kh2 Qe2+ 34.Kh1 Qxe1+ 35.Kh2 Qd2+ 36.Kg1 Rg8+ 37.Bxg8 Kxg8
38.e6 Qf2+ 39.Kh1 e2 40.Qg5+ Bg6 41.Qd8+ Kg7 42.Qe7+ Kh6 43.Qf8+ Kh5  0-1

[Event "Wch U20"]
[Site "Calicut"]
[Date "1998.11.24"]
[Round "7"]
[White "Halkias, Stelios"]
[Black "Fressinet, Laurent"]
[Result "0-1"]
[WhiteElo "2435"]
[BlackElo "2455"]

1.d4 d5 2.c4 c6 3.Nf3 Nf6 4.Nc3 e6 5.e3 Nbd7 6.Qc2 Bd6 7.Bd3 O-O 8.O-O dxc4
9.Bxc4 b5 10.Be2 Bb7 11.a3 a6 12.e4 e5 13.Bg5 h6 14.Bh4 Qe7 15.Kh1 Rad8 16.dxe5 Nxe5
17.Nd4 Ng6 18.Nf5 Qe6 19.Nd4 Qe7 20.Nf5 Qe6 21.Nxd6 Qxd6 22.Bg3 Qd2 23.Qb3 Nxe4
24.Nxe4 Qxe2 25.Nd6 Ba8 26.Qc3 Qh5 27.b4 f5 28.Qc5 Qg5 29.f4 Qf6 30.Rad1 Ne7
31.Qe5 Nd5 32.Qxf6 Rxf6 33.Bh4 Rfxd6 34.Bxd8 Rxd8 35.Rfe1 Kf7 36.Re5 g6 37.Rde1 c5
38.bxc5 Nxf4 39.Re7+ Kf6 40.h4 Bxg2+ 41.Kg1 Be4 42.Ra7 Rd2 43.Rxa6+ Ke5 44.Re3 Kd4  0-1

[Event "Wch U20"]
[Site "Calicut"]
[Date "1998.11.24"]
[Round "7"]
[White "Sundar Rajan, Kidambi"]
[Black "Sashikiran, Krishnan"]
[Result "1/2-1/2"]
[WhiteElo "2285"]
[BlackElo "2470"]

1.d4 d5 2.c4 e6 3.Nc3 c6 4.e3 Nf6 5.Nf3 Nbd7 6.Bd3 dxc4 7.Bxc4 b5 8.Bd3 a6
9.e4 c5 10.e5 cxd4 11.Nxb5 Ng4 12.Qa4 Bb7 13.Nbxd4 Qb6 14.O-O Bc5 15.h3 Bxf3
16.hxg4 Bd5 17.Nb3 O-O 18.Qxd7 Bxb3 19.Bxh7+ Kxh7 20.Qd3+ Kg8 21.Qxb3 Qxb3
22.axb3 Rfd8 23.Bf4 Rd3 24.Rac1 Bd4 25.Rfd1 Rxd1+ 26.Rxd1 Bxb2 27.Rd2 Bc3
28.Rc2 Ba1 29.Ra2 Bc3 30.Rc2 Ba1 31.Ra2  1/2-1/2

[Event "Elgoibar"]
[Site "Elgoibar"]
[Date "1998.11.25"]
[Round "5"]
[White "Izeta Txabarri, Felix"]
[Black "Korneev, Oleg"]
[Result "1/2-1/2"]
[WhiteElo "2445"]
[BlackElo "2600"]

1.d4 d5 2.c4 e6 3.Nf3 Nf6 4.Nc3 c6 5.e3 Nbd7 6.Bd3 dxc4 7.Bxc4 b5 8.Bd3 Bb7
9.a3 b4 10.Ne4 c5 11.Nxf6+ gxf6 12.axb4 cxd4 13.Nxd4 Bxb4+ 14.Bd2 Bxd2+ 15.Qxd2 Qb6
16.O-O Rg8 17.f3 Rg5 18.b4 Ke7 19.Ra5 Rag8 20.Rxg5 Rxg5 21.Rc1 h5 22.Qc3 h4
23.h3 Rg8 24.b5 f5 25.Bf1 Rc8 26.Qb4+ Qd6 27.Qxd6+ Kxd6 28.Rxc8 Bxc8 29.Nc6 Kc7
30.Nxa7 Bb7 31.Kf2 Kb6 32.Nc6 Bxc6 33.bxc6 Kxc6 34.g3 hxg3+ 35.Kxg3  1/2-1/2

[Event "Sisak"]
[Site "Sisak"]
[Date "1998.11.25"]
[Round "8"]
[White "Franic, Milan"]
[Black "Vrkljan, Ivan"]
[Result "1/2-1/2"]
[WhiteElo "2445"]
[BlackElo "2165"]

1.d4 d5 2.c4 e6 3.Nf3 Nf6 4.Nc3 c6 5.e3 Nbd7 6.Bd3 Be7 7.O-O O-O 8.Qe2 c5
9.Rd1 cxd4 10.exd4 dxc4 11.Bxc4 Nb6 12.Bd3 Nbd5 13.Ne5 Qc7 14.Bd2 Nb4 15.Bb1 b6
16.Ne4 Nbd5 17.Rc1 Qd8 18.Nc6 Qd7 19.Bg5 Bb7 20.Nxe7+ Qxe7 21.Qd3 Rfc8 22.Rd1 h6
23.Bh4 g5 24.Nxf6+ Nxf6 25.Bg3 Be4 26.Qe2 Qb7 27.Be5 Bxb1 28.Raxb1 Qe4 29.Qxe4 Nxe4
30.Rbc1 Rxc1 31.Rxc1 f6 32.Re1 fxe5 33.Rxe4 Rd8 34.Rxe5 Rxd4 35.Kf1 Kf7 36.Ke2 Rb4
37.b3 Rd4 38.Re3 Kf6 39.Rh3 Kg6 40.Rd3 Rb4 41.Ke3 Kf6 42.Rd4 Rb5 43.b4 a5
44.a3 axb4 45.axb4 h5 46.f3 h4 47.f4 g4 48.Ke4 Ke7 49.Kd3 Rf5 50.Kc4 b5+
51.Kd3 Rf8 52.Re4 Rd8+ 53.Ke2 Kf6 54.Re5 Rd4 55.Rxb5 Rxf4 56.Ke3 Rc4 57.Rh5 Rxb4
58.Rxh4 e5 59.Rh5 Rb3+ 60.Kf2 Ra3 61.Rh8 Kf5 62.Rb8 Rc3 63.Rb2 Kf4 64.Rb4+ Kf5  1/2-1/2

[Event "AUT-chT2M 9899"]
[Site "Austria"]
[Date "1998.11.27"]
[Round "1"]
[White "Orsag, Milan"]
[Black "Haba, Petr"]
[Result "0-1"]
[WhiteElo "2405"]
[BlackElo "2515"]

1.d4 d5 2.Nf3 Nf6 3.c4 c6 4.Nc3 e6 5.e3 Nbd7 6.Qc2 Bd6 7.Be2 O-O 8.O-O dxc4
9.Bxc4 b5 10.Be2 Bb7 11.Rd1 Qc7 12.Bd2 Rfe8 13.Rac1 a6 14.Ne4 Nxe4 15.Qxe4 e5
16.Qh4 e4 17.Ng5 Nf6 18.f3 exf3 19.gxf3 h6 20.Nh3 c5 21.dxc5 Bxh2+ 22.Kf2 Nh5
23.Rg1 Rad8 24.Bc3 Bxg1+ 25.Rxg1 Qxc5 26.Nf4 Qxe3+ 27.Kf1 Bxf3  0-1

[Event "Wch U20 Girls"]
[Site "Calicut"]
[Date "1998.11.27"]
[Round "10"]
[White "Swati, Mohota"]
[Black "Meenakshi, S."]
[Result "1-0"]
[WhiteElo "2100"]
[BlackElo "2115"]

1.d4 d5 2.c4 c6 3.Nf3 Nf6 4.Nc3 e6 5.e3 Nbd7 6.Qc2 Bd6 7.Be2 O-O 8.O-O Re8
9.Rd1 Qe7 10.a3 b6 11.b4 Bb7 12.c5 Bc7 13.e4 dxe4 14.Nxe4 e5 15.Nd6 Bxd6
16.cxd6 Qd8 17.dxe5 Nxe5 18.Nxe5 Rxe5 19.Bf4 Re8 20.Bf3 Nd5 21.Bg3 b5 22.Qc5 Qd7
23.a4 a6 24.h3 f5 25.axb5 axb5 26.Rxa8 Rxa8 27.Kh2 Re8 28.Ra1 Ra8 29.Ra5 Nf6
30.Be5 Kf7 31.Rxa8 Bxa8 32.Qd4 Bb7 33.Bxf6 gxf6 34.g4 c5 35.Bd5+ Kg7 36.bxc5 fxg4
37.Bxb7 Qxb7 38.Qxg4+ Kf8 39.Kg3 b4 40.Qd4 b3 41.d7 Qc7+ 42.Qd6+  1-0

[Event "Kosmos m 5'"]
[Site "Moscow"]
[Date "1998.11.27"]
[Round "10"]
[White "Kramnik, Vladimir"]
[Black "Kasparov, Gary"]
[Result "1/2-1/2"]
[WhiteElo "2780"]
[BlackElo "2815"]

1.Nf3 d5 2.d4 Nf6 3.c4 c6 4.Nc3 e6 5.e3 Nbd7 6.Qc2 Bd6 7.b3 O-O 8.Be2 b6
9.O-O Bb7 10.Bb2 c5 11.cxd5 exd5 12.Rad1 Rc8 13.dxc5 bxc5 14.Nh4 g6 15.Nf3 Qe7
16.Rfe1 a6 17.h3 Rfd8 18.Bf1 Bb8 19.Ne2 Ne4 20.Nf4 Ndf6 21.g3 d4 22.Bg2 Qf8
23.Qc1 Re8 24.Qa1 Bxf4 25.exf4 a5 26.a3 Bd5 27.b4 axb4 28.axb4 Bb3 29.Rc1 Nd5
30.bxc5 Ra8 31.Qb1 Nec3 32.Bxc3 Ba2 33.Qd3 dxc3 34.Ne5 Qxc5 35.Bxd5 Bxd5
36.Rxc3 Qa5 37.Rec1 Be6 38.Ng4 Bxg4 39.hxg4 Rad8 40.Qf3 Qd5 41.Kg2 Qxf3+
42.Kxf3 h6 43.Rc6 Kg7 44.R1c3 Rd5 45.Re3 Red8 46.Rcc3 R8d7 47.Kg2 Ra7 48.Re5 Rad7
49.Rce3 R5d6 50.f5 g5 51.Ra5 Kf6 52.Rea3 Kg7 53.Ra1 Rd4 54.Kh3 Rd2 55.Kg2 R2d4
56.R5a4 Rxa4 57.Rxa4 Rd3 58.Ra6 Rb3  1/2-1/2

[Event "AUT-chT2M 9899"]
[Site "Austria"]
[Date "1998.11.28"]
[Round "2"]
[White "Enigl, Karl"]
[Black "Loeffler, Christoph"]
[Result "1-0"]
[WhiteElo "2205"]
[BlackElo "2055"]

1.c4 c6 2.Nf3 Nf6 3.d4 d5 4.Nc3 e6 5.e3 Be7 6.Qc2 O-O 7.b3 b6 8.Bd3 Bb4 9.O-O Nbd7
10.Bd2 Bd6 11.e4 dxc4 12.Bxc4 e5 13.h3 Bb7 14.Rad1 Qe7 15.Bg5 h6 16.Bh4 b5
17.Bd3 b4 18.Na4 Rac8 19.dxe5 Nxe5 20.Nxe5 Bxe5 21.Nc5 g5 22.Bg3 Ba8 23.Bxe5 Qxe5
24.Bc4 Rcd8 25.Rxd8 Rxd8 26.Re1 a5 27.Nd3 Qc3 28.Qe2 Rd4 29.f3 Rd8 30.e5 Qd4+
31.Qf2 Qxf2+ 32.Kxf2 Nd5 33.e6 Re8 34.exf7+ Kxf7 35.Rxe8 Kxe8 36.Bxd5 cxd5
37.Ke3 Ke7 38.Kd4 Kd6 39.Ne5 Ke6 40.Ng4 h5 41.Ne3 Bb7 42.g3 h4 43.gxh4 gxh4
44.Ng2 Kd6 45.Nxh4 Bc8 46.Ng2 Bxh3 47.Ne3 Bd7 48.Nxd5 Bc6 49.Ne3 Bxf3 50.Nc4+ Kc6
51.Ne5+  1-0

[Event "AUT-chT2M 9899"]
[Site "Austria"]
[Date "1998.11.28"]
[Round "2"]
[White "Hager, Franz"]
[Black "Bensch, Patrick"]
[Result "0-1"]
[WhiteElo "2240"]
[BlackElo "2255"]

1.d4 Nf6 2.c4 e6 3.Nf3 d5 4.Nc3 c6 5.e3 Nbd7 6.Qc2 Bd6 7.Bd3 dxc4 8.Bxc4 a6
9.e4 b5 10.Bxe6 fxe6 11.e5 Be7 12.exf6 Nxf6 13.O-O O-O 14.Re1 Qb6 15.Ne4 Nxe4
16.Rxe4 c5 17.d5 Rf5 18.dxe6 Bb7 19.Rg4 Qxe6 20.Bh6 Rf7  0-1

[Event "SVK-chT2A 9899"]
[Site "SVK"]
[Date "1998.12.06"]
[Round "6"]
[White "Vach, Jozef"]
[Black "Triska, Miroslav"]
[Result "1/2-1/2"]
[WhiteElo "1928"]
[BlackElo "1969"]

1.d4 d5 2.c4 c6 3.Nc3 Nf6 4.Nf3 e6 5.e3 Be7 6.Bd3 Nbd7 7.O-O O-O 8.Qc2 h6
9.Re1 dxc4 10.Bxc4 c5 11.b3 cxd4 12.exd4 Nb6 13.Bd3 Nbd5 14.a3 Nxc3 15.Qxc3 Nd5
16.Qd2 Qc7 17.Bb2 Qf4 18.Qe2 Qg4 19.h3 Qh5 20.Qd2 Bg5 21.Nxg5 Qxg5 22.Qxg5 hxg5
23.Be4 Bd7 24.Bxd5 exd5 25.Re5 g4 26.hxg4 Be6 27.f4 Bxg4 28.Rxd5 Rac8 29.Rc5 b6
30.Rcc1 Rxc1+ 31.Rxc1 Rc8 32.Rxc8+ Bxc8 33.Kf2 Be6 34.b4 a6 35.Ke3 Bd5 36.g4 g6
37.Bc3 Kf8 38.Be1 Ke7 39.Bh4+ Kd7 40.f5 gxf5 41.gxf5 Kc6 42.Kf4 a5 43.Ke5 axb4
44.axb4 b5 45.Be7 Bc4 46.Bc5 Bd5  1/2-1/2

[Event "Sonnevanck 7th"]
[Site "Wijk aan Zee"]
[Date "1998.12.10"]
[Round "9"]
[White "Van Beek, Lucien"]
[Black "Van Haastert, Edwin"]
[Result "1/2-1/2"]
[WhiteElo "2315"]
[BlackElo "2345"]

1.d4 d5 2.c4 c6 3.Nc3 Nf6 4.Nf3 e6 5.e3 Nbd7 6.Qc2 Bd6 7.b3 O-O 8.Be2 b6
9.O-O Bb7 10.Bb2 Qe7 11.Rad1  1/2-1/2

[Event "Autumn Int"]
[Site "Tel Aviv"]
[Date "1998.12.11"]
[Round "7"]
[White "Haimovich, Tal"]
[Black "Erenburg, Sergey"]
[Result "1/2-1/2"]
[WhiteElo "2280"]
[BlackElo "2310"]

1.d4 d5 2.c4 c6 3.Nf3 Nf6 4.Nc3 e6 5.e3 Nbd7 6.Qc2 b6 7.Bd3 Bb7 8.O-O Be7
9.b3 Qc7 10.Bb2 Rd8 11.Rad1 h6 12.Rfe1 O-O 13.Qe2 Rfe8 14.a3 c5 15.cxd5 Nxd5
16.Rc1 Qb8 17.Nxd5 Bxd5 18.Bc4 Bb7 19.Bb5 Rf8 20.e4 cxd4 21.Nxd4 Bf6 22.Bxd7 Bxd4
23.Bxd4 Rxd7 24.Bc3 Qf4 25.Qe3 Qxe3 26.Rxe3 Rfd8 27.f3 f6 28.Kf2 Kf7 29.Be1  1/2-1/2

[Event "Bundesliga 9899"]
[Site "Germany"]
[Date "1998.12.12"]
[Round "5.3"]
[White "Pelletier, Yannick"]
[Black "Mueller, Karsten"]
[Result "1-0"]
[WhiteElo "2525"]
[BlackElo "2545"]

1.d4 d5 2.c4 c6 3.Nf3 Nf6 4.Nc3 e6 5.e3 Nbd7 6.Bd3 dxc4 7.Bxc4 b5 8.Bd3 Bb7
9.e4 b4 10.Na4 c5 11.e5 Nd5 12.dxc5 Bxc5 13.Nxc5 Nxc5 14.Bb5+ Kf8 15.O-O Qb6
16.Bc4 h6 17.h4 Rc8 18.a3 a5 19.axb4 axb4 20.Qe2 g6 21.Rd1 Kg7 22.h5 g5 23.Rd4 Ra8
24.Rxa8 Rxa8 25.Nxg5 Ra1 26.Qd2 hxg5 27.Qxg5+ Kf8 28.h6 Rxc1+ 29.Qxc1 Nb3
30.Qg5 Qxd4 31.Qd8+  1-0

[Event "Bundesliga 9899"]
[Site "Germany"]
[Date "1998.12.12"]
[Round "5.3"]
[White "Boensch, Uwe"]
[Black "Ziegler, Ari"]
[Result "1/2-1/2"]
[WhiteElo "2545"]
[BlackElo "2425"]

1.d4 d5 2.c4 c6 3.e3 Nf6 4.Nc3 e6 5.Nf3 Nbd7 6.b3 Bd6 7.Be2 O-O 8.O-O Re8
9.Bb2 dxc4 10.Bxc4 b5 11.Bd3 a6 12.Ne4 Nxe4 13.Bxe4 Bb7 14.Ne5 Bxe5 15.dxe5 Qc7
16.Qh5 g6 17.Qg5 c5 18.Bc2 c4 19.Bd4 Nc5 20.bxc4 bxc4 21.Rfc1 Rac8 22.h4 Qe7
23.Qg3 Nd3 24.Bxd3 cxd3 25.Rd1 Qa3 26.h5 Rc2 27.e4 Rxa2 28.Rab1 Bxe4 29.Qf4 Bd5
30.h6 Qe7 31.Rxd3 Ra4 32.Rbd1 Rc8 33.Qg3 Rac4 34.Be3 a5 35.Rd4 a4 36.Rxc4 Rxc4
37.Bg5 Qc5 38.Rb1 Rb4 39.Rc1 Rc4 40.Rb1 Rb4 41.Rc1 Rc4 42.Rb1 Rb4  1/2-1/2

[Event "Padova op"]
[Site "Padova"]
[Date "1998.12.12"]
[Round "1"]
[White "Efimov, Igor"]
[Black "Popa, Florin"]
[Result "1-0"]
[WhiteElo "2530"]
[BlackElo "2215"]

1.d4 d5 2.c4 e6 3.Nc3 Nf6 4.Nf3 c6 5.e3 Bd6 6.b3 O-O 7.Bb2 Nbd7 8.Bd3 dxc4
9.bxc4 e5 10.O-O Re8 11.Ng5 Bc7 12.Qf3 Qe7 13.a4 h6 14.Ba3 Bd6 15.Bxd6 Qxd6
16.Nge4 Qe7 17.c5 Nd5 18.Rfc1 N7f6 19.Nxd5 Nxd5 20.Nd6 Rf8 21.Qe4 Nf6 22.Qxe5 Qxe5
23.dxe5 Nd5 24.Rab1 a5 25.Nxc8 Rfxc8 26.Rxb7 Rcb8 27.Rxb8+ Rxb8 28.Be4 Ra8
29.Rd1 Kf8 30.f4 Ke7 31.Bxd5 cxd5 32.c6 Ke6 33.c7 Rc8 34.Rc1 Kf5 35.Kf2 g5
36.Kf3 g4+ 37.Ke2 Ke4 38.g3 h5 39.Rc6 h4 40.gxh4 d4 41.exd4 Kxd4 42.h5 Ke4
43.h6  1-0

[Event "Autumn Int"]
[Site "Tel Aviv"]
[Date "1998.12.12"]
[Round "8"]
[White "Grinshpun, Eduard"]
[Black "Haimovich, Tal"]
[Result "1/2-1/2"]
[WhiteElo "2365"]
[BlackElo "2280"]

1.Nf3 d5 2.d4 Nf6 3.c4 c6 4.Nc3 e6 5.e3 Nbd7 6.Qc2 Bd6 7.Bd2 O-O 8.h3 Re8
9.a3 b6 10.g4 e5 11.cxd5 cxd5 12.Nb5 Ne4 13.Nxd6 Nxd6 14.Qc6 Qf6 15.Nxe5 Nxe5
16.dxe5 Qxe5 17.Qxa8 Bb7 18.Bc3 Qe4 19.Qxe8+ Qxe8 20.Bd4 Qc8 21.Bd3 Ne4 22.f3 Nc5
23.Bxc5 Qxc5 24.Kf2 d4 25.Rhe1 Qe5 26.exd4 Qxd4+ 27.Re3 Qxb2+ 28.Be2 g6 29.Rd1 Ba6
30.a4 Kg7 31.Rd7  1/2-1/2

[Event "AUT-chT2M 9899"]
[Site "Austria"]
[Date "1998.12.13"]
[Round "5"]
[White "Karner, Christoph"]
[Black "Tober, Gerhard"]
[Result "0-1"]
[WhiteElo "2175"]
[BlackElo "2210"]

1.d4 d5 2.c4 e6 3.Nc3 c6 4.Nf3 Nf6 5.e3 dxc4 6.Bxc4 b5 7.Bb3 b4 8.Na4 Ba6
9.Ne5 Be7 10.Nd3 O-O 11.O-O c5 12.Qf3 Nbd7 13.Rd1 c4 14.Ndc5 cxb3 15.Nxa6 Qa5
16.N6c5 Nxc5 17.Nxc5 bxa2 18.b3 Bxc5 19.dxc5 Nd5 20.Bb2 Nc3 21.Rd4 Qxc5 22.Rc4 Qa5
23.Qc6 Rad8 24.Bxc3 bxc3 25.Rxc3 Rd2 26.Rc5 Qa3 27.Rc2 Rd6 28.Qf3 Rfd8 29.g3 Qxb3
30.Rcxa2 Rd1+ 31.Kg2 Rxa1 32.Rxa1 Qb6 33.Qe4 g6 34.Qa4 Qb7+ 35.Kg1 Rd7 36.h4 h5
37.Qc2 Rc7 38.Qd3 Rc8 39.Rb1 Qc6 40.Qd4 Qc5 41.Qd7 Qc7 42.Qxc7 Rxc7 43.Rb8+ Kg7
44.Ra8 Kf6 45.Kg2 Ke7 46.Kf3 Kd6 47.Kf4 Kc6 48.f3 Kb7 49.Rd8 Kb6 50.g4 a5
51.gxh5 gxh5 52.Rb8+ Ka6 53.e4 Rc5 54.Rf8 Rc7 55.Kg5 Rc5+ 56.Kf6 Rc7 57.e5 a4
58.Rb8 Ka5 59.Kg5 a3 60.Kxh5 Rc5 61.f4 f6 62.Kg6 fxe5 63.fxe5 Rxe5 64.h5 Ka4
65.h6 a2 66.h7 a1=Q 67.h8=Q Qg1+ 68.Kf7 Rf5+ 69.Ke7 Qg5+ 70.Kd7 Rf7+  0-1

[Event "Bundesliga 9899"]
[Site "Germany"]
[Date "1998.12.13"]
[Round "6.3"]
[White "Wells, Peter K"]
[Black "Thesing, Matthias"]
[Result "1-0"]
[WhiteElo "2530"]
[BlackElo "2435"]

1.d4 Nf6 2.Nf3 d5 3.c4 c6 4.Nc3 e6 5.e3 Nbd7 6.Bd3 a6 7.b3 Bd6 8.O-O e5 9.cxd5 cxd5
10.e4 exd4 11.Nxd5 Nxd5 12.exd5 O-O 13.Bg5 Nf6 14.Bc2 h6 15.Bh4 g5 16.Nxg5 hxg5
17.Bxg5 Kg7 18.Qxd4 Bd7 19.Rae1 Rc8 20.Re3 Bb5 21.Bxf6+  1-0

[Event "Padova op"]
[Site "Padova"]
[Date "1998.12.15"]
[Round "4"]
[White "Timoshchenko, Gennadi A"]
[Black "Ortega, Lexy"]
[Result "1/2-1/2"]
[WhiteElo "2470"]
[BlackElo "2490"]

1.d4 d5 2.c4 c6 3.Nf3 Nf6 4.Nc3 e6 5.e3 Nbd7 6.Qc2 Bd6 7.Bd3 O-O 8.O-O e5
9.cxd5 cxd5 10.e4 dxe4 11.Nxe4 Nxe4 12.Bxe4 h6 13.Be3 exd4 14.Bh7+ Kh8 15.Bxd4 Nf6
16.Bf5 Qa5 17.Bxc8 Rfxc8 18.Qb3 Qd5 19.Bxf6 Qxb3 20.Bxg7+ Kxg7 21.axb3 Be7
22.Rfe1 Bf6 23.Re2 Rc6 24.Rd1 Rac8 25.Kf1 Rb6  1/2-1/2

[Event "Skopje op"]
[Site "Skopje"]
[Date "1998.12.15"]
[Round "4"]
[White "Bogdanovski, Vlatko"]
[Black "Stamnov, Aleksander"]
[Result "1/2-1/2"]
[WhiteElo "2515"]
[BlackElo "2280"]

1.c4 c6 2.Nf3 d5 3.e3 Nf6 4.Nc3 e6 5.d4 Nbd7 6.Bd3 dxc4 7.Bxc4 b5 8.Bd3 a6
9.e4 c5 10.d5 exd5 11.e5 Ng4 12.O-O Nb6 13.Re1 Be7 14.h3 Nh6 15.e6 Bxe6 16.Bxh6 gxh6  1/2-1/2

[Event "GRE-ch 48th"]
[Site "Athens"]
[Date "1998.12.17"]
[Round "5"]
[White "Banikas, Hristos"]
[Black "Skembris, Spyridon"]
[Result "0-1"]
[WhiteElo "2490"]
[BlackElo "2480"]

1.d4 d5 2.c4 c6 3.Nc3 Nf6 4.Nf3 e6 5.e3 Nbd7 6.Qc2 Bd6 7.Bd3 O-O 8.O-O Re8
9.e4 dxc4 10.Bxc4 e5 11.Bxf7+ Kxf7 12.Qb3+ Kf8 13.Ng5 Re7 14.f4 exd4 15.e5 Nc5
16.Qc4 dxc3 17.exf6 gxf6 18.Be3 b5 19.Qxc3 Rxe3 20.Nxh7+ Kg7 21.Qxe3 Kxh7
22.b4 Qe7 23.Qf3 Ne4 24.Qh5+ Kg7 25.f5 Bxb4 26.Qg6+ Kf8 27.Rad1 Ba6 28.Qh5 Bc5+
29.Kh1 Qg7 30.Qh4 Re8 31.Rf4 Nf2+ 32.Rxf2 Bxf2 33.Qxf2 b4 34.h3 Bb5 35.Qh4 Kg8
36.Rd4 Be2 37.Re4 Rxe4 38.Qxe4 Bh5 39.Qxc6 Qe7 40.Qc4+ Bf7  0-1

[Event "ROM-ch"]
[Site "Bucuresti"]
[Date "1998.12.17"]
[Round "9"]
[White "Cosma, Ioan"]
[Black "Danilov, Vladimir"]
[Result "1/2-1/2"]
[WhiteElo "2475"]
[BlackElo "2335"]

1.d4 d5 2.c4 e6 3.Nf3 c6 4.e3 Nf6 5.Nc3 Nbd7 6.Qc2 Be7 7.Bd3 dxc4 8.Bxc4 b5
9.Bd3 Bb7 10.a3 a5 11.e4 b4 12.Na4 Ba6 13.Bxa6 Rxa6 14.O-O O-O 15.Bf4 Qa8
16.Nc5 Nxc5 17.dxc5 Nd7 18.Bg5 b3 19.Qc4 Bxg5 20.Nxg5 Qa7 21.Rfd1 Nxc5 22.Rac1 Nd7
23.Qxb3 h6 24.Nf3 Rb8 25.Qc3 Rab6 26.Rc2 Rb3 27.Qxc6 Rxb2 28.e5 Rxc2 29.Qxc2 Qc5
30.Qe2 Nb6 31.g4 Nd5 32.g5 Nc3 33.Qc2 Qc4 34.Kh1 Rc8 35.Rd3 Qe4 36.gxh6 gxh6
37.h3 Kg7 38.Kh2 Nd5 39.Qd2 Kh7 40.Ne1 Qxe5+ 41.Rg3 Rg8 42.Nf3 Qf4 43.Qxf4 Nxf4
44.Ne5 f6 45.Rxg8 Kxg8 46.Nc4 Nd3 47.Nxa5 Nxf2 48.a4 Nd3 49.Nb3 Nb4 50.Nc5 Kf7
51.a5 Nc6 52.a6 Ke7 53.Kg3 Kd6 54.Ne4+ Ke5 55.Nc3 Na7 56.Kf3  1/2-1/2

[Event "ROM-ch"]
[Site "Bucuresti"]
[Date "1998.12.20"]
[Round "12"]
[White "Dumitrache, Dragos"]
[Black "Szuhanek, Ranko"]
[Result "1/2-1/2"]
[WhiteElo "2420"]
[BlackElo "2400"]

1.d4 d5 2.c4 c6 3.Nf3 Nf6 4.Nc3 e6 5.e3 Nbd7 6.Qc2 Bd6 7.Bd3 O-O 8.O-O dxc4
9.Bxc4 b5 10.Be2 Bb7 11.a3 a5 12.Bd2 Rc8 13.Ng5 c5 14.Nxb5 cxd4 15.Qd1 Bb8
16.exd4 h6 17.Nf3 Ne4 18.Rc1 Qb6 19.Be3 Bd5 20.Ne5 Qb7 21.Nxd7 Qxd7 22.Qa4 f5
23.f3 Nd6 24.Nc3 Bc6 25.Qxa5 f4 26.Bf2 Nf5 27.Ba6 Rcd8 28.Bb5 Ne3 29.Bxc6 Qxc6
30.Ne4 Qe8 31.Bxe3 fxe3 32.Rce1 Qd7 33.Qc3 Ba7 34.Nc5 Qxd4 35.Qxd4 Rxd4 36.b4 Bxc5
37.bxc5 Rd3 38.Ra1 Rc8 39.Rfc1 Rd2 40.g3 Rb8 41.Rab1 Rbd8 42.c6 Ra2 43.Rd1 Rc8
44.Ra1 Rf2 45.Rac1 Rb8 46.Rb1 Rc8 47.Rd6 Ra2 48.Rxe6 Rxa3 49.Rc1 Kf7 50.Rd6 Rc7
51.Rcd1 Kg8 52.Rc1 Kf7 53.f4 Ra2 54.h3 Rd2 55.Rxd2 exd2 56.Rd1 Rxc6 57.Rxd2 h5
58.Kf2 Rc3 59.Rd7+ Kf6 60.Rd6+ Kf7 61.f5 h4 62.g4 Rxh3 63.g5 Rg3 64.g6+ Ke7
65.Re6+ Kf8  1/2-1/2